Movie Titles in Spanish - Statistics

General Stats
  • This quiz has been taken 676 times
    625 since last reset
  • The average score is 21 of 46
Answer Stats
Hint Answer % Correct
La Bella y la Bestia Beauty and the Beast
90%
El Mago de Oz The Wizard of Oz
88%
El Exorcista The Exorcist
87%
Parque Jurasico Jurassic Park
84%
Regreso al Futuro Back to the Future
82%
El Silencio de los Coderos The Silence of the Lambs
81%
Miseria Misery
80%
12 Años de un Esclavo 12 Years a Slave
78%
El Graduado The Graduate
78%
Ciudadano Kane Citizen Kane
74%
Gravidad Gravity
74%
El Padrino The Godfather
73%
Belleza Americana American Beauty
72%
Apocalipsis Ahora Apocalypse Now
72%
Graffiti Americano American Graffiti
71%
La Chica con el Tatuaje del Dragon The Girl with the Dragon Tattoo
69%
Sucio Harry Dirty Harry
67%
Taxista Taxi Driver
66%
Bastardos sin Gloria Inglourious Basterds
62%
Psicopata Psycho
59%
2001: Una Odesia del Espacio 2001: A Space Odyssey
58%
Rebelde sin Causa Rebel Without a Cause
54%
No Pais para Viejos No Country for Old Men
50%
Toro Furioso Raging Bull
46%
Millionario del Barrio Slumdog Millionaire
46%
Chaqueta Metalica Full Metal Jacket
42%
El Señor de los Anillos The Lord of the Rings
38%
El Red Social The Social Network
36%
Ido con el Viento Gone with the Wind
34%
Campo de Sueños Field of Dreams
32%
Los Huegos de Hambre The Hunger Games
29%
Vuelo Flight
28%
Cisne Negro Black Swan
26%
Un Tranvia Llamado Deseo A Streetcar Named Desire
21%
Las Reglas de la Casa Sidra The Cider House Rules
19%
Alas Wings
16%
Quedate a mi Lado Stand by Me
13%
El Club de Cinco The Breakfast Club
12%
Bestias del Sur Salvaje Beasts of the Southern Wild
9%
La Cruda The Hangover
5%
El Resplandor The Shining
5%
Uno de los Nuestros Goodfellas
3%
Tiempos Violentos Pulp Fiction
3%
El Lado Bueno de las Cosas Silver Linings Playbook
3%
En Tierra Hostil The Hurt Locker
2%
El Coloso de Llamas The Towering Inferno
2%
No matching quizzes found
Score Distribution
Percent of People with Each Score
Percentile by Number Answered
Your Score History
You have not taken this quiz since the last reset